000 00467nam a2200181Ia 4500
003 OSt
005 20240322102413.0
008 210210b1961 xxu||||| |||| 00| 0 eng d
040 _cAL
041 _aKannada
082 _a853/508
100 _aSHRIRANGA
_9136917
_dಶ್ರೀರಂಗ
245 _aShoka chakra
_bಶೋಕ ಚಕ್ರ
260 _aMaisuru
_bUsha Sahitya Male
_c1961
690 _aKannada Drama
_9136920
906 _a019779
942 _2ddc
_cBK
999 _c143924
_d143924